BIBLIOTECA

SENCICO

Estática en la construcción (Registro nro. 1004)

Detalles MARC
000 -LEADER
fixed length control field 00819nam a2200253Ia 4500
005 - DATE AND TIME OF LATEST TRANSACTION
control field 20251020182456.0
008 - FIXED-LENGTH DATA ELEMENTS--GENERAL INFORMATION
fixed length control field 200515s9999 xx 000 0 und d
020 ## - INTERNATIONAL STANDARD BOOK NUMBER
International Standard Book Number 84-291-2051-3
082 ## - DEWEY DECIMAL CLASSIFICATION NUMBER
Classification number 624.041/H58
100 ## - MAIN ENTRY--PERSONAL NAME
Personal name Hirschfeld, K.
245 #0 - TITLE STATEMENT
Title Estática en la construcción
260 ## - PUBLICATION, DISTRIBUTION, ETC.
Place of publication, distribution, etc. Barcelona
260 ## - PUBLICATION, DISTRIBUTION, ETC.
Name of publisher, distributor, etc. REVERTÉ
260 ## - PUBLICATION, DISTRIBUTION, ETC.
Date of publication, distribution, etc. 1975
300 ## - PHYSICAL DESCRIPTION
Extent 1587 p.
300 ## - PHYSICAL DESCRIPTION
Other physical details il., tbl., graf.
500 ## - GENERAL NOTE
General note 1 ejemplar
520 ## - SUMMARY, ETC.
Summary, etc. En la primera parte se tratan las bases y procedimientos usuales de sistemas estáticamente determinadas e indeterminadas, además el estudio cinemático de una viga así como la teoría de la ecuación de los cinco momentos. En la segunda parte se incluyen los
650 ## - SUBJECT ADDED ENTRY--TOPICAL TERM
Topical term or geographic name entry element ESTATICA
650 ## - SUBJECT ADDED ENTRY--TOPICAL TERM
Topical term or geographic name entry element ESTRUCTURAS
650 ## - SUBJECT ADDED ENTRY--TOPICAL TERM
Topical term or geographic name entry element VIGAS
942 ## - ADDED ENTRY ELEMENTS (KOHA)
Koha item type Libros
Existencias
Fecha de la última vez que lo usaron Pago total Signatura topográfica completa Código de barras Precio efectivo desde Tipo de documento Estado perdido Estado dañado No es para préstamo Retirado Ubicación permanente Ubicación actual Fecha de adquisición
15/05/2020   624.041/H58 Bib-Lima15051004 15/05/2020 Libros         Biblioteca Central Lima Biblioteca Central Lima 15/05/2020